000 00437nam a2200181Ia 4500
001 2434
003 IN-NITTTR
005 20251114232930.0
008 251113s9999||||xx |||||||||||||| ||eng||
040 _beng
040 _cIN-NITTTR
041 _aeng
082 _a625 B532E
100 _aBirdi, G. S.
245 0 _aElements of roads, railways and bridges /
_cBirdi, G. S., Ahuja, T. D.
700 _a Ahuja, T. D.
942 _2ddc
_cBK
999 _c3782
_d3782